Género y familia: poder, amor y sexualidad en la construcción de la subjetividad
Guardat en:
| Autors principals: | , |
|---|---|
| Format: | Llibre |
| Idioma: | espanyol |
| Publicat: |
Buenos Aires
Paidós
1998
|
| Edició: | 1a. ed |
| Col·lecció: | Paidós Psicología Profunda, 215
|
| Matèries: | |
| Etiquetes: |
Afegir etiqueta
Sense etiquetes, Sigues el primer a etiquetar aquest registre!
|
MARC
| LEADER | 00000nam a2200000 a 4500 | ||
|---|---|---|---|
| 001 | UCG2204 | ||
| 003 | CL-VaPUC | ||
| 008 | 100624e19980000AG |||||||||||||||||spa|d | ||
| 020 | |a 9501242153 | ||
| 082 | 0 | 4 | |a 150.95 |b BUR |2 21 |
| 100 | 0 | |a Burin, Mabel |e author |9 550585 | |
| 700 | 0 | |a Meler, Irene |e author |9 550586 | |
| 245 | 1 | 0 | |a Género y familia: poder, amor y sexualidad en la construcción de la subjetividad |
| 250 | |a 1a. ed | ||
| 300 | |a 437 p | ||
| 942 | |c BK | ||
| 945 | |d 20100624 00:00:00 |a dcastane | ||
| 260 | |a Buenos Aires |b Paidós |c 1998 | ||
| 650 | 0 | |a Psicoanálisis |9 265702 | |
| 650 | 0 | |a Psicología profunda |9 334257 | |
| 650 | 0 | |a Subjetividad |9 319638 | |
| 650 | 0 | |a Amor y sexualidad |9 486974 | |
| 583 | |a last modification |c 20100624 00:00:00 |k Rodrigo Vera | ||
| 490 | 0 | |a Paidós Psicología Profunda, 215 | |
| 999 | |c 341433 |d 341431 | ||
| 952 | |0 0 |1 0 |4 0 |6 150_950000000000000_BUR_1998 |7 0 |8 A |9 436940 |a BIBEDU |b BIBEDU |d 2019-11-22 |i 4690907 |o 150.95 BUR 1998 |p 4690907 |r 2019-11-22 |w 2019-11-22 |y BK |k PSI | ||